Focus sur: Aredhel - Tolkien - Statistiques

Statistiques générales
  • Ce quiz a été pris 13 fois
  • Le résultat moyen est 12 sur 21
Statistiques - réponses
Informations recherchées Réponses % Correct
Espèce Elfe
100%
Couleur des cheveux Noir
88%
Age durant lequel il vécut Premier
88%
Fingon
75%
Cités Gondolin
75%
Première apparition Le Silmarillion
75%
Groupe de l'espèce Noldor
75%
Royaume Caché
75%
Turgon
75%
Père Fingolfin
63%
Maison (lignée) Fingolfin
63%
Contrées et royaumes Valinor
63%
Mère Anairë
50%
Frères Argon
50%
Epoux Eöl
50%
Fils Maeglin
50%
Surnom {Dame} {Blanche} des Noldor/de Gondolin
38%
Nan Elmoth
25%
Nevrast
25%
Vinyamar
13%
Autre nom Ar-Feiniel
0%
Aucun quiz correspondant
Distribution des résultats
% des personnes avec chaque résultat
Percentile par nombre de réponses
Votre historique - résultats
Vous n’avez pas pris ce quiz